Library Banner

The city region in Western Europe (Record no. 64232)

MARC details
000 -LEADER
fixed length control field 00458nam a2200181Ia 4500
001 - CONTROL NUMBER
control field 63578
008 - FIXED-LENGTH DATA ELEMENTS--GENERAL INFORMATION
fixed length control field 150109s9999 xx 000 0 und d
020 ## - INTERNATIONAL STANDARD BOOK NUMBER
International Standard Book Number 9780415863704
040 ## - CATALOGING SOURCE
Transcribing agency PK-LaUMT
082 ## - DEWEY DECIMAL CLASSIFICATION NUMBER
Classification number 711.409
Item number DIC-C
100 ## - MAIN ENTRY--PERSONAL NAME
Personal name Dickinson, Robert E.
245 #4 - TITLE STATEMENT
Title The city region in Western Europe
Statement of responsibility, etc Dickinson, Robert E.
260 ## - PUBLICATION, DISTRIBUTION, ETC. (IMPRINT)
Place of publication, distribution, etc London,UK:
Name of publisher, distributor, etc Routledge,
Date of publication, distribution, etc 1967
300 ## - PHYSICAL DESCRIPTION
Extent 305 p.
546 ## - LANGUAGE NOTE
Language note EN
650 ## - SUBJECT ADDED ENTRY--TOPICAL TERM
Topical term or geographic name as entry element City planning
942 ## - ADDED ENTRY ELEMENTS (KOHA)
Koha item type Books
Holdings
Withdrawn status Lost status Damaged status Not for loan Home library Current library Date acquired Total Checkouts Full call number Barcode Date last seen Price effective from Koha item type
        UMT Main Campus UMT Main Campus 2015-01-09   711.409 DIC-C 84795 2015-01-09 2015-01-09 Books